| 000 | 00631nam a22002057a 4500 | ||
|---|---|---|---|
| 003 | MPLRDC | ||
| 005 | 20220105061139.0 | ||
| 008 | 210129b ||||| |||| 00| 0 eng d | ||
| 020 | _a978-7-5391-8950-5 | ||
| 082 | _a859.9 JJSC v.30 | ||
| 100 | _a洪在彻 HONG JAE-CHEOL 文 | ||
| 245 |
_a喜马拉雅生存记. 1 _c郑俊圭 JUNG, JOONGYU 图; 霍慧 译 |
||
| 250 | _a初版六刷 | ||
| 260 |
_a中国 _b二十一世纪出版社 _c2016 |
||
| 300 | _b平 | ||
| 490 | _a我的第一本科学漫画书: 绝境生存系列 | ||
| 520 | _a新书上架 2018-04-17。 | ||
| 650 | _a儿童图画书 | ||
| 942 |
_cBK _o859.9 JJSC v.30 |
||
| 999 |
_c69520 _d69510 |
||